| 000 | 00886nam a2200253Ia 4500 | ||
|---|---|---|---|
| 003 | OSt | ||
| 005 | 20221005112638.0 | ||
| 006 | a|||||r|||| 00| 0 | ||
| 007 | ta | ||
| 008 | 221004b |||||||| |||| 00| 0 pan d | ||
| 020 |
_a9789385646034 (hbk) _cINR 200.00 |
||
| 024 | _a39191 | ||
| 037 |
_b235, 17/03/2018, National Book Shop _cTextual |
||
| 040 |
_aCRL _cCRL _bpan |
||
| 041 |
_2pan _apan |
||
| 082 | _aU287.1, 153Q6 | ||
| 100 |
_aਭਾਟੀਆ, ਸੁਦਰFਨ, ਂਚ. _9624376 |
||
| 245 | 0 | _aਗਲੋਬਲ ਵਾਰਮਿੰਗ | |
| 260 |
_aਜਲੰਧਰ _bਦੀਪਕ ਪਬਲਿFਰਗ਼ ਭਾਰਤ _c2016 |
||
| 300 |
_a128ਪ0 _ccm. |
||
| 650 | _aਗਲੋਬਲ ਵਾਰਮਿੰਗ | ||
| 942 |
_hU287.1, 153Q6 _cTEXL _2cc |
||
| 999 |
_c1025510 _d1025510 |
||